000 01875nam0a2200325 4500
001 RU\NLR\BIBL_A\012551979
005 20250624064119.0
010 _a978-5-8333-0999-5
_9550
021 _aRU
_b2021-8344
_9КН-П-659
035 _a(RuMoRGB)010574043
035 _a(NLR Aleph) 012551979
090 _a12432960
_c12432960
100 _a20210624d2021 |||y0rusy50 ca
101 0 _arus
102 _aRU
105 _aa|||j|||000zy
181 0 _ai
_baxxe
182 0 _an
200 1 _aЭкономический анализ
_eучебное пособие
_eдля студентов, обучающихся по специальности 38.05.01 "Экономическая безопасность"
_fЮ.Н. Галицкая
_gМинистерство науки и высшего образования Российской Федерации, Федеральное государственное бюджетное образовательное учреждение высшего образования "Кубанский государственный технологический университет"
203 _aТекст
_bвизуальный
_cнепосредственный
210 _aКраснодар
_cФГБОУ ВО "КубГТУ"
_d2021
215 _a175, [1] с.
_cтабл.
_d21
320 _aБиблиогр.: с. 158-161 (40 назв.)
606 1 _aЭкономический анализ
_jУчебные издания для высших учебных заведений
_yРоссийская Федерация
_92362515
_3RU\NLR\AUTH\661410670
686 1 _aУ053.9(2Р)я73
700 1 _aГалицкая
_bЮ. Н.
_cканд. экон. наук
_gЮлия Николаевна
_9186794
_3RU\NLR\AUTH\770186845
942 _cBOOK
980 _aNB